00541nam a2200217Ia 4500008004100000020001500041050001100056050001400067100002300081245003900104245002600143260001800169260002500187260000900212300001600221300002000237300001000257650002400267650002100291650001100312170712s9999 xx 000 0 und d a9710868586 a808.51 bM385 2008 aMartinez, Norma D. aResponsible speech communication / cby Norma D. Martinez. aPhilippines : bNational Book Store, c2008 a200 pages : billustrations ; c21cm. aOral communication. aPublic speaking. aTitle.